000 00460nam a2200181Ia 4500
001 11574
005 20260306162838.0
008 260306t1983||||xx |||||||||||||| ||spa||
041 _aESP
082 _a985.093
_bG86
100 _aGuerra García, Francisco
_eAUT
245 0 _aVelasco:
_bdel estado oligárquico al capitalismo de estado
260 _c1983
300 _a119 páginas :
_ccm.
650 _aGEN
654 _aCHU
942 _cLIB
_dJUS
_fJUS
_2ddc
_n
999 _c11574
_d11574